Vocabulario mixe de Totontepec : (Record no. 87556)

MARC details
000 -CABECERA
campo de control de longitud fija 00773nam a2200217 a 4500
005 - FECHA Y HORA DE LA ÚLTIMA TRANSACCIÓN
campo de control 20230927063833.0
008 - ELEMENTOS DE LONGITUD FIJA--INFORMACIÓN GENERAL
campo de control de longitud fija 011030s1982 mx r 000 0 spa d
035 ## - NÚMERO DE CONTROL DEL SISTEMA
Número de control de sistema UPN01000113648
049 ## - COLECCIÓN
Colección C
050 #4 - SIGNATURA TOPOGRÁFICA DE LA BIBLIOTECA DEL CONGRESO
Número de clasificación PM4011
Número de documento/Ítem V6.3
245 00 - MENCIÓN DE TÍTULO
Título Vocabulario mixe de Totontepec :
Resto del título mixe-castellano castellano-mixe /
Mención de responsabilidad, etc. comp. Alvin y Louise C. Schdenhals.
260 ## - PUBLICACIÓN, DISTRIBUCIÓN, ETC.
Lugar de publicación, distribución, etc. México :
Nombre del editor, distribuidor, etc. ILVAC,
Fecha de publicación, distribución, etc. 1982.
300 ## - DESCRIPCIÓN FÍSICA
Extensión ix, 353 p. :
Material acompañante/anejo il.
440 #0 - MENCIÓN DE SERIE/ASIENTO SECUNDARIO--TÍTULO
Título Serie de vocabulario indígenas Mariano Silva y Aceves ;
Designación de volumen o secuencia 14
650 #4 - ASIENTO SECUNDARIO DE MATERIA - TERMINO TEMATICO
Término de materia o nombre geográfico como elemento de entrada MIXE -
Subdivisión de forma DICCIONARIOS -
Subdivisión general ESPAÑOL
9 (RLIN) 27853
650 #4 - ASIENTO SECUNDARIO DE MATERIA - TERMINO TEMATICO
Término de materia o nombre geográfico como elemento de entrada Indígenas de México
Subdivisión geográfica Oaxaca
Subdivisión general Lenguas
9 (RLIN) 17368
700 1# - ASIENTO SECUNDARIO--NOMBRE DE PERSONAL
Nombre de persona Schdenhals, Alvin,
Término indicativo de función/relación comp.
700 1# - ASIENTO SECUNDARIO--NOMBRE DE PERSONAL
Nombre de persona Schdenhals, Louise C.,
Término indicativo de función/relación comp.
710 2# - ASIENTO SECUNDARIO - NOMBRE CORPORATIVO
Nombre de entidad corporativa o nombre de jurisdicción como elemento de entrada Instituto Lingüístico de Verano
9 (RLIN) 28045
905 ## - TIPO DE MATERIAL
Tipo de material Libro
Holdings
Estado de retiro Estado de pérdida Fuente del sistema de clasificación o colocación Estado dañado No para préstamo Código de colección Localización permanente Ubicación/localización actual Ubicación en estantería Total de préstamos Clasificación Código de barras Fecha visto por última vez Número de copia Tipo de ítem Koha
    Library of Congress Classification     Colección General Bib. Gregorio Torres Quintero Bib. Gregorio Torres Quintero Planta baja   PM4011 V6.3 170854 31/12/2020 1 Libro